|
|
|
|
| LEADER |
00000cam a2200000 a 4500 |
| 001 |
vtls001451219 |
| 003 |
SK-MaSNL |
| 005 |
20260301073129.0 |
| 008 |
240226s2003 xo dl grn 000 0 cze |
| 015 |
|
|
|a SNBA2004/04-01493
|
| 020 |
|
|
|a 808565931X
|q (viaz.)
|
| 035 |
|
|
|a SNK000406518
|
| 035 |
|
|
|a urn:nbn:sk:snk-am3j0v9
|
| 035 |
|
|
|a CA832BA8-47E2-4CCA-9749-05D224F06868
|
| 035 |
|
|
|a urn:nbn:sk:snk-am00ggis
|
| 040 |
|
|
|a SNK
|b slo
|c SNK
|e AACR2
|
| 041 |
0 |
|
|a cze
|
| 044 |
|
|
|a xo
|c SK
|
| 072 |
|
7 |
|a 519
|x Kombinatorika. Teória grafov. Matematická štatistika. Operačný výskum. Matematické modelovanie
|2 konspekt
|
| 080 |
|
|
|a 519.22
|2 2011
|
| 080 |
|
|
|a 311:33
|2 2011
|
| 080 |
|
|
|a 519.23/.24
|2 2011
|
| 080 |
|
|
|a (048.8)
|2 2011
|
| 100 |
1 |
|
|a Kubanová, Jana,
|d 1958-
|4 aut
|9 393720
|
| 245 |
1 |
0 |
|a Statistické metody pro ekonomickou a technickou praxi
|c Jana Kubanová
|
| 250 |
|
|
|a [1. vyd.]
|
| 260 |
|
|
|a Bratislava
|b Statis
|c 2003
|
| 300 |
|
|
|a 247 strán
|b grafy, schémy, tabuľky
|c 25 cm
|
| 504 |
|
|
|a Bibliografia na strane 243-245 ; slovník základných anglických výrazov
|
| 650 |
0 |
7 |
|a matematická štatistika
|2 SNKPH
|9 777
|
| 650 |
0 |
7 |
|a ekonomická štatistika
|2 SNKPH
|9 790
|
| 650 |
0 |
7 |
|a štatistické metódy
|2 SNKPH
|9 779
|
| 655 |
|
7 |
|a monografie
|2 SNKPH
|9 70139
|
| 919 |
|
|
|a 80-85659-31-X
|
| 958 |
|
|
|a NB
|
| 958 |
|
|
|a OND
|
| 999 |
|
|
|c 643213
|d 645143
|
| 952 |
|
|
|t P60, <03>, [BOOK], {603}
|a SNK
|b SNK
|y PREZ
|7 0
|p 17A0378583
|o snkSC 111132
|i snkKSP 4140/2003
|0 0
|1 0
|4 0
|d 2003-03-14
|f 1
|l 0
|r 2025-10-01 00:00:00
|w 2026-02-23
|
| 952 |
|
|
|t snkKUB 330.4
|a SNKUST
|b SNKUST
|y PREZ
|7 0
|p 17A0378584
|o snkSC 111132 D1
|i snkKSP 4141/2003
|0 0
|1 0
|4 0
|d 2003-03-14
|l 0
|r 2025-04-30 00:00:00
|w 2026-02-23
|